000 00378nam a2200133Ia 4500
008 240401s2021 xx 000 0 und d
041 _aeng
082 _a615/MAN
100 _aDR.SANCHITA MANDAL
245 _aA TEXT BOOK OF MOLECULAR PHARMACEUTICS
260 _aHEDARBAD
_bS.VIKAS AND COMPANY
_c2021
650 _aMOLECULAR PHARMACEUTICS
650 _aMOLECULAR PHARMACEUTICS
999 _c1155321
_d1155321